| 000 | 00731nam a2200229Ia 4500 | ||
|---|---|---|---|
| 003 | OSt | ||
| 005 | 20220929125056.0 | ||
| 008 | 210716s2012 xx 000 0 und d | ||
| 020 | _a9788132206378 | ||
| 040 | _cAIMIT LIBRARY | ||
| 041 | _aeng | ||
| 082 |
_a621.3821 _22 _bCAMR |
||
| 100 |
_aCameron, Rob. _958777 |
||
| 245 |
_aPro windows phone app development / _cBy Rob Cameron |
||
| 250 | _a2nd ed. | ||
| 260 |
_aNew Delhi : _bApress , _c2012. |
||
| 300 |
_axxiii,638p. ; _c23 cm. |
||
| 650 |
_aIntroduction to windows phone and marketplace _958778 |
||
| 650 |
_aUser interface development _958779 |
||
| 650 |
_aWindows phone data persistence and networking programming model _958780 |
||
| 942 |
_2ddc _cBK _e2nd _k621.3821 CAMR |
||
| 999 |
_c193398 _d193398 |
||